Autobus linia M22 - ZTM Katowice - Statystyki

Ogólne statystyki
  • Ten quiz został rozwiązany 110 razy
  • Średni wynik to 9 z 16
Statystyki odpowiedzi
Miasto Przystanek % Poprawnych
Katowice Katowice Sądowa
93%
Katowice Katowice Dworzec
91%
Katowice Katowice Francuska
77%
Mysłowice Kosztowy Rynek
73%
Imielin Imielin Rynek
66%
Imielin Imielin Wiadukt
64%
Mysłowice Kosztowy Dzióbka
64%
Bojszowy Międzyrzecze Gospoda
64%
Imielin Imielin Dworzec PKP
61%
Bieruń Bieruń Plac Autobusowy
52%
Bojszowy Bojszowy Gospoda
45%
Lędziny Lędziny Pomnik
43%
Bieruń Bieruń Ściernie
41%
Lędziny Hołdunów Przejazd Kolejowy
41%
Lędziny Lędziny Droga Do Górek
39%
Lędziny Hołdunów Imielińska
34%
Nie znaleziono quizów pasujących do podanych kryteriów
Rozkład punktacji
Procent ludzi z każdym wynikiem
Percentyl według liczby udzielonych odpowiedzi
Twoja historia wyników
Nie rozwiązałeś tego quizu